000 00718nam a2200241 i 4500
001 bg
100 1 _aHENDZEL, Zenon
245 1 0 _aMechanika ogólna :
_bkinematyka /
_cZenon Hendzel, Wiesław Żylski.
260 _aRzeszów :
_bOficyna Wydawnicza Politechniki Rzeszowskiej,
_c2000.
300 _a160, [1] s. :
_bil. ;
_c24 cm.
504 _aBibliogr.
521 _aSkrypt uczelniany dla studentów Wydz. Budowy Maszyn i Lotnictwa.
650 9 _aKinematyka
655 _aPodręczniki akademickie
700 1 _aŻYLSKI, Wiesław
020 _a8371991959
040 _cBPK
041 0 _apl
080 _a531.1(075.8)
920 _a83-7199-195-9
942 _cKS
008 s pl f |000 0 pol
999 _c40238
_d40238
856 _uhttp://koha.tu.koszalin.pl/cgi-bin/koha/opac-detail.pl?biblionumber=40238
_yKatalog online BPK